Vista normal
Vista MARC
Entrada Personal Name
Número de registros utilizados en: 1
001 - CONTROL NUMBER
- control field: 14130
003 - CONTROL NUMBER IDENTIFIER
- control field: DLC
005 - DATE AND TIME OF LATEST TRANSACTION
- control field: 20230502093123.0
008 - FIXED-LENGTH DATA ELEMENTS
- fixed length control field: 040107n| acannaabn |a aaa
010 ## - LIBRARY OF CONGRESS CONTROL NUMBER
- LC control number: n 2004088162
040 ## - CATALOGING SOURCE
- Original cataloging agency: DLC
- Language of cataloging: spa
- Transcribing agency: Mx-PuUPA
- Modifying agency: Mx-PuUPA
- Description conventions: rda
100 1# - HEADING--PERSONAL NAME
- Personal name: Dworak, Fernando F.,
- Fuller form of name: (Fernando Francisco)
374 ## - OCCUPATION
- Occupation: Autor
375 ## - GENDER
- Gender: hombre
377 ## - ASSOCIATED LANGUAGE
- Language code: spa
400 1# - SEE FROM TRACING--PERSONAL NAME
- Personal name: Dworak Camargo, Fernando Francisco
400 1# - SEE FROM TRACING--PERSONAL NAME
- Personal name: Camargo, Fernando Francisco Dworak
670 ## - SOURCE DATA FOUND
- Source citation: El legislador a examen, 2003:
- Information found: t.p. (Fernando F. Dworak) p. 4 of cover (lic., poli. sci., Instituto Tecnológico Autónomo de México; master's, legislative studies, Univ. of Hull; prof. de asignatura, ITAM)
670 ## - SOURCE DATA FOUND
- Source citation: Licenciados en Ciencia Política del ITAM 1993-2003, viewed Jan. 7, 2004, via WWW
- Information found: (Fernando Francisco Dworak Camargo)